Statystyki dla Top 11 najszybciej rozwijających się stanów w USA

Kliknij tutaj aby rozwiązać quiz!

Ogólne statystyki

  • Ten quiz został rozwiązany 259 razy
  • Średni wynik to 6 z 11

Statystyki odpowiedzi

ZmianaStan% Poprawnych
+ 149%Kalifornia
91%
+ 202%Teksas
84%
+ 334%Floryda
79%
+ 166%Waszyngton
67%
+ 266%Alaska
52%
+ 452%Arizona
52%
+ 1000%Nevada
45%
+ 169%Georgia
37%
+ 258%Utah
36%
+ 166%Idaho
32%
+ 228%Colorado
6%

Rozkład punktacji

Percentyl według liczby udzielonych odpowiedzi

Procent ludzi z każdym wynikiem

Twoja historia wyników

Nie rozwiązałeś tego quizu